00448nam a2200181Ia 4500003000900000008004100009040001300050040001300063041000900076100001900085245009200104250000900196260002500205260000900230300001100239300001000250490000600260IT-RoPAU120407s9999 xx 000 0 und d aIT-RoPAU cIT-RoPAU alat  aGeorgius Cosma aDe oeconomia incarnationis sec. S. Sophronium hierosolimitanum. Dissertatio ad lauream. aRoma aOff. Libri Catholici c1940 a154 p. c25 cm v1